01416nam a2200289 a 4500001001000000005001700010008004100027041000800068044000800076084002000084100004500104245016100149260004500310300005200355500013800407500015000545500008300695500001100778546002400789650005200813650005600865650003400921650004500955700003901000700003701039740005001076BRCA_335120190320204234.0260309s1890----enka---###---#000-0#eng-# aeng aenk a645b.R68c18901 aCervantes Saavedra, Miguel ded1547-161610aEl Ingenioso Hidalgo Don Quijote de la ManchacComposed by Miguel de Cervantes Saavedra; Translated by Charles Jarvis with and Introduction by Henry Morley. aLondresbGeorge Routledge and Sonsc1890 a1 v. en 2 partes (xxxviii, 894 p.)bil.c21 cm. aContenido : Primera parte. Introducción por H. Morley. Versos preliminares. Prólogo del autor. Segunda parte. Prólogo del autor aReimpresión de la traducción de Jarvis, con la introducción de H. Morley, publicada en 1885, por los mismos editores. Tela Lúdovik Osterc aEstado físico : Primeras páginas desprendidas. Encuadernación maltratada aQM1300 aTexto en : inglés14aNovela españolayÉpoca clásica, 1500-170014aLiteratura españolayÉpoca clásica, 1500-170014aNovela españolaySiglo XVII14aDon Quijote (Personaje ficticio)eNovela1 aJarvis, Charlesd?-1739eTraductor1 aMorley, Henryd1822-1894eEditor0 aEl Ingenioso Hidalgo Don Quijote de la Mancha